Scholarly information discovery in the networked academic learning environment /

This is a practical guide for students determined to improve their academic performance and career development in the digital age. Written with academic instructors and librarians in mind who need to show their students how to access and search academic information resources and services, the book s...

Full description

Bibliographic Details
Main Author: Li, Lili (Author)
Corporate Author: ScienceDirect (Online service)
Format: eBook
Language:English
Language Notes:English.
Published: Oxfordshire [England] : Chandos Publishing, 2014.
Series:Chandos information professional series.
Subjects:
Online Access:Connect to the full text of this electronic book

MARC

Tag First Indicator Second Indicator Subfields
LEADER 00000cam a2200000 i 4500
001 in00005756030
005 20260326210320.1
006 m o d
007 cr cn|||||||||
008 140919t20142014enk ob 001 0 eng d
040 |a E7B  |b eng  |e rda  |e pn  |c E7B  |d OCLCO  |d YDXCP  |d UIU  |d COO  |d STF  |d B24X7  |d UMI  |d GGVRL  |d DEBBG  |d DEBSZ  |d OCLCF  |d OCLCQ  |d OCLCA  |d OCLCQ  |d LIV  |d U3W  |d CEF  |d UKAHL  |d UKMGB  |d VLY  |d BRF  |d OCLCO  |d OCLCQ  |d OCLCO  |d OCLCL  |d SXB  |d OCLCQ  |d OCLCL  |d OCLCQ 
015 |a GBB491602  |2 bnb 
016 7 |a 016839867  |2 Uk 
019 |a 894504464  |a 957603656  |a 966457221  |a 1162410627 
020 |a 9781780634449  |q (e-book) 
020 |a 1780634447  |q (e-book) 
020 |a 1843347636 
020 |a 9781843347637 
020 |z 9781843347637 
035 |a (OCoLC)891381915  |z (OCoLC)894504464  |z (OCoLC)957603656  |z (OCoLC)966457221  |z (OCoLC)1162410627 
037 |a CL0500000496  |b Safari Books Online 
050 4 |a ZA3270  |b .L555 2014eb 
082 0 4 |a 025.523  |2 23 
049 |a TXAM 
100 1 |a Li, Lili,  |e author. 
245 1 0 |a Scholarly information discovery in the networked academic learning environment /  |c Lili Li. 
264 1 |a Oxfordshire [England] :  |b Chandos Publishing,  |c 2014. 
264 4 |c ©2014 
300 |a 1 online resource (465 pages) 
336 |a text  |b txt  |2 rdacontent 
337 |a computer  |b c  |2 rdamedia 
338 |a online resource  |b cr  |2 rdacarrier 
490 1 |a Chandos Information Professional Series 
504 |a Includes bibliographical references and index at the end of each chapters. 
588 0 |a Print version record. 
520 |a This is a practical guide for students determined to improve their academic performance and career development in the digital age. Written with academic instructors and librarians in mind who need to show their students how to access and search academic information resources and services, the book serves as a reference to promote information literacy instructions. The book lays out a roadmap for searching peer-reviewed scholarly information in dynamic and interactive academic learning environments; explains how to access and utilize academic information ethically, legally, and safely in public-accessed computing environments; and provides brainstorming and discussion, case studies, mini-tests, and real-world examples for instructors and students to promote skills in critical thinking, decision making, and problem solving. --  |c Edited summary from book. 
505 0 |a Part 1. Understanding information and information literacy -- 1. Information in the digital age -- 2. Information literacy in the networked academic learning environment -- part 2. Delivering academic and scholarly information in cyberspace -- 3. Computer networks in academic learning environments -- 4. Scholarly information delivery in the information age -- part 3. Discovering academic and scholarly information in our networked academic world -- 5. Academic and scholarly search: strategies, methods, and roadmaps -- 6. Academic and scholarly research over the Internet and the WWW -- 7. Academic and scholarly search in academic libraries -- 8. Using information ethically, legally, and safely -- part 4. Searching for academic and scholarly information in the future -- 9. Evolving academic libraries in the future -- 10. Beyond the academic world: succeeding in the real competitive world. 
546 |a English. 
650 0 |a Information commons. 
650 0 |a Information literacy  |x Study and teaching (Higher) 
650 0 |a Internet in higher education. 
650 6 |a Carrefours de l'information et de l'apprentissage. 
650 6 |a Internet dans l'enseignement supérieur. 
650 7 |a Information commons  |2 fast 
650 7 |a Information literacy  |x Study and teaching (Higher)  |2 fast 
650 7 |a Internet in higher education  |2 fast 
655 7 |a Electronic books.  |2 local 
710 2 |a ScienceDirect (Online service) 
758 |i has work:  |a Scholarly information discovery in the networked academic learning environment (Text)  |1 https://id.oclc.org/worldcat/entity/E39PCGXtXyHtYF4WP7RHCpM8hb  |4 https://id.oclc.org/worldcat/ontology/hasWork 
776 0 8 |i Print version:  |a Li, Lili.  |t Scholarly information discovery in the networked academic learning environment.  |d Oxfordshire, [England] : Chandos Publishing, ©2014  |h xxxii, 429 pages  |k Chandos information professional series.  |z 9781843347637 
830 0 |a Chandos information professional series. 
856 4 0 |u http://proxy.library.tamu.edu/login?url=https://www.sciencedirect.com/science/book/9781843347637  |z Connect to the full text of this electronic book  |t 0 
936 |a BATCHLOAD 
955 |a Elsevier ScienceDirect 2026-2027 
994 |a 92  |b TXA 
999 f f |i e41e4148-a0a4-4974-abaa-c16438fd8f20  |s e24a7b89-3a88-4a44-a983-e4ee642a893f  |t 0 
952 f f |a Texas A&M University  |b College Station  |c Electronic Resources  |s www_evans  |d Available Online  |t 0  |e ZA3270 .L555 2014eb  |h Library of Congress classification 
998 f f |a ZA3270 .L555 2014eb  |t 0  |l Available Online